000 00524nam a2200205Ia 4500
008 160803s9999 xx 000 0 und d
020 _a978-0439792073
100 _aZullo, Allan
245 _aSurviving sharks and other dangerous creatures /
245 _cby Allan Zullo.
260 _aNew York :
260 _bScholastic Inc.
260 _c2006
300 _a151 pages ;
300 _c20 cm.
440 _aTen true tales.
650 _aAnimal attacks --
650 _xJuvenile literature.
700 _a930
999 _c298680
_d298680